[Event "LEM Sachsen-Anhalt"]
[Site "Loeberitz"]
[Date "2006.06.16"]
[Round "1"]
[White "Großmann, Susan"]
[Black "Domaske, Susann"]
[Result "1-0"]
[WhiteElo "2062"]
[BlackElo "1377"]
[PlyCount "90"]
[EventDate "2006.??.??"]

1. e4 e5 2. Nf3 Nc6 3. Bc4 Bc5 4. c3 Nf6 5. d4 exd4 6. cxd4 Bb4+ 7. Bd2 Bxd2+
8. Nbxd2 d6 9. O-O O-O 10. d5 Ne7 11. Re1 Ng6 12. Nd4 Ne5 13. Bf1 Re8 14. f4
Ng6 15. g3 Bg4 16. Be2 Bxe2 17. Rxe2 Qd7 18. Rc1 a6 19. Qb3 Rab8 20. Qf3 Rec8
21. Nc4 Re8 22. Kh1 h6 23. Rg1 Qg4 24. Qg2 Qd7 25. f5 Ne5 26. Nxe5 Rxe5 27. g4
Nh7 28. Nf3 Re7 29. g5 hxg5 30. Nxg5 Nxg5 31. Qxg5 f6 32. Qxf6 Rf7 33. Qd4 Qe7
34. Reg2 Re8 35. f6 Qxe4 36. Qxe4 Rxe4 37. Rxg7+ Rxg7 38. Rxg7+ Kf8 39. Rxc7
Re1+ 40. Kg2 Re2+ 41. Kg3 Rxb2 42. h4 Rb5 43. h5 Rxd5 44. h6 Rg5+ 45. Kh4 Rg6
1-0

[Event "LEM Sachsen-Anhalt"]
[Site "Loeberitz"]
[Date "2006.06.16"]
[Round "1"]
[White "Pflug, Tanja"]
[Black "Wallstabe, Antje"]
[Result "0-1"]
[WhiteElo "2032"]
[BlackElo "1524"]
[PlyCount "52"]
[EventDate "2006.??.??"]

1. Nc3 c5 2. Nf3 Nc6 3. d4 cxd4 4. Nxd4 Nf6 5. g3 g6 6. Bg2 Bg7 7. O-O O-O 8.
Bg5 a6 9. Kh1 Re8 10. a4 h6 11. Bc1 Qb6 12. Nb3 d6 13. Be3 Qc7 14. Qc1 Kh7 15.
h3 Be6 16. Nd2 Qc8 17. Kh2 Rb8 18. a5 Ne5 19. Ra4 Rh8 20. f4 Neg4+ 21. hxg4
Nxg4+ 22. Kh1 Nxe3 23. Rf2 Nxg2 24. Rxg2 Bxc3 25. bxc3 Qc6 26. Rd4 Bh3 0-1

[Event "LEM Sachsen-Anhalt"]
[Site "Loeberitz"]
[Date "2006.06.16"]
[Round "1"]
[White "Reiß, Rebekka"]
[Black "Thiele, Andra"]
[Result "0-1"]
[WhiteElo "1691"]
[BlackElo "1578"]
[PlyCount "76"]
[EventDate "2006.??.??"]

1. e4 d5 2. exd5 Qxd5 3. Nc3 Qa5 4. d4 Nf6 5. Bd2 Bg4 6. f3 Bh5 7. Bd3 Nc6 8.
Ne4 Qb6 9. c3 Nxe4 10. Bxe4 O-O-O 11. Qc2 Bg6 12. O-O-O e5 13. dxe5 Nxe5 14.
Ne2 Nd3+ 15. Kb1 Bxe4 16. fxe4 Nf2 17. Bg5 Rxd1+ 18. Rxd1 Nxd1 19. Qxd1 Qd6 20.
Nd4 Qd7 21. Qf3 f6 22. Bf4 Bc5 23. Nf5 Rd8 24. Kc1 a6 25. h3 g6 26. Be3 Bxe3+
27. Nxe3 Qd2+ 28. Kb1 Qe1+ 29. Kc2 Rd2+ 30. Kb3 Qf2 31. Qg4+ Kb8 32. Nc4 Re2
33. Qe6 b5 34. Qe8+ Ka7 35. Qc6 bxc4+ 36. Qxc4 Qb6+ 37. Ka3 Qxb2+ 38. Ka4 Qxa2+
0-1

[Event "LEM Sachsen-Anhalt"]
[Site "Loeberitz"]
[Date "2006.06.16"]
[Round "1"]
[White "Pichler, Dr. Manfred"]
[Black "Engelmann, Jakob"]
[Result "1-0"]
[WhiteElo "2106"]
[BlackElo "2100"]
[PlyCount "73"]
[EventDate "2006.??.??"]

1. e4 c6 2. d4 d5 3. exd5 cxd5 4. c4 Nf6 5. Nc3 e6 6. Nf3 Be7 7. cxd5 Nxd5 8.
Bd3 Nc6 9. O-O O-O 10. Re1 Nxc3 11. bxc3 b6 12. Qc2 g6 13. Bh6 Re8 14. h4 Bf6
15. h5 Ne7 16. Be4 Rb8 17. Bf4 Rb7 18. Bxb7 Bxb7 19. Be5 Nd5 20. hxg6 hxg6 21.
Qd2 Bxe5 22. Rxe5 Kg7 23. c4 Nf6 24. Rd1 Bxf3 25. gxf3 Qc7 26. Rc1 Rh8 27. Qg5
Qd6 28. Qe3 Rd8 29. Rd1 Nd7 30. Rg5 Rc8 31. Rc1 Nf6 32. Qe5 Qc6 33. Kg2 Qa4 34.
Rg4 Qa3 35. Rf4 Qe7 36. Rh1 Rg8 37. Rxf6 1-0

[Event "LEM Sachsen-Anhalt"]
[Site "Loeberitz"]
[Date "2006.06.16"]
[Round "1"]
[White "Schuster, Martin"]
[Black "Matthey, Harald"]
[Result "1/2-1/2"]
[WhiteElo "2229"]
[BlackElo "2225"]
[PlyCount "82"]
[EventDate "2006.??.??"]

1. d4 Nf6 2. c4 g6 3. Nc3 Bg7 4. e4 O-O 5. Nf3 c6 6. e5 Ne8 7. Be3 d6 8. exd6
Nxd6 9. Be2 Nf5 10. O-O Nxe3 11. fxe3 Bh6 12. Qd3 Bg4 13. h3 Bxf3 14. Bxf3 e5
15. Rad1 Qg5 16. Rfe1 Nd7 17. d5 Nc5 18. Qe2 f5 19. b4 Na6 20. e4 Qg3 21. exf5
gxf5 22. Qxe5 Qxe5 23. Rxe5 Bg7 24. Re7 Bxc3 25. dxc6 Bxb4 26. Rxb7 Rad8 27.
Bd5+ Kh8 28. Kf1 Bc5 29. Rd3 Nb4 30. Rb3 Nc2 31. c7 Rde8 32. g3 Ne3+ 33. Rxe3
Bxe3 34. Bc6 Ra8 35. Bd7 Bb6 36. Kg2 Bc5 37. Kf3 Bd6 38. a4 a5 39. h4 Rf7 40.
c8=Q+ Rxc8 41. Bxc8 Rxb7 1/2-1/2

[Event "LEM Sachsen-Anhalt"]
[Site "Loeberitz"]
[Date "2006.06.16"]
[Round "1"]
[White "Degtiarev, Evgeny"]
[Black "König, Dr. Marco"]
[Result "1-0"]
[WhiteElo "2380"]
[BlackElo "2049"]
[PlyCount "63"]
[EventDate "2006.??.??"]

1. d4 Nf6 2. c4 g6 3. Nc3 d5 4. cxd5 Nxd5 5. e4 Nxc3 6. bxc3 c5 7. Bc4 Bg7 8.
Ne2 cxd4 9. cxd4 O-O 10. O-O Nc6 11. Be3 Bg4 12. f3 Na5 13. Bd3 Be6 14. d5 Bxa1
15. Qxa1 f6 16. Qd4 Bd7 17. e5 e6 18. Nf4 Qe8 19. Bd2 b6 20. dxe6 fxe5 21. exd7
exd4 22. dxe8=Q Rfxe8 23. Nd5 Re5 24. Nf6+ Kg7 25. Ng4 Re6 26. Bh6+ Kf7 27. f4
Ke7 28. f5 gxf5 29. Bxf5 Re2 30. Rc1 Kf7 31. Bg5 Rg8 32. Rc7+ 1-0

[Event "LEM Sachsen-Anhalt"]
[Site "2006"]
[Date "2006.06.17"]
[Round "2"]
[White "Domaske, Susann"]
[Black "Thiele, Andra"]
[Result "1/2-1/2"]
[WhiteElo "1377"]
[BlackElo "1578"]
[PlyCount "54"]
[EventDate "2006.??.??"]

1. d4 d5 2. c4 e6 3. a3 h6 4. Nc3 Nf6 5. Nf3 b6 6. cxd5 Nxd5 7. e3 Nxc3 8. bxc3
Bd6 9. Bb5+ Bd7 10. Bxd7+ Nxd7 11. Bb2 O-O 12. O-O c5 13. Rc1 Qe7 14. a4 Rfd8
15. Qb3 Kh8 16. Ra1 Rab8 17. Ba3 Nf6 18. h3 Qc7 19. Qc4 Ne4 20. Qd3 Nf6 21. Qc4
Rdc8 22. Nd2 Qd7 23. Qb3 Qc6 24. Nc4 Bf8 25. Ne5 Qc7 26. Rfc1 Kg8 27. Qb5 Bd6
1/2-1/2

[Event "LEM Sachsen-Anhalt"]
[Site "2006"]
[Date "2006.06.17"]
[Round "2"]
[White "Wallstabe, Antje"]
[Black "Reiß, Rebekka"]
[Result "1/2-1/2"]
[WhiteElo "1524"]
[BlackElo "1691"]
[PlyCount "59"]
[EventDate "2006.??.??"]

1. c4 f5 2. Nc3 Nf6 3. g3 e6 4. Bg2 Be7 5. e3 d6 6. Nge2 Nc6 7. a3 O-O 8. O-O
Qe8 9. d3 g5 10. f4 h6 11. e4 Qh5 12. h3 Kh7 13. exf5 exf5 14. Nd5 Nxd5 15.
cxd5 Nd8 16. Nd4 Qf7 17. fxg5 hxg5 18. Nxf5 Bxf5 19. Rxf5 Qg7 20. Rxf8 Qxf8 21.
Be4+ Kg8 22. Qh5 Qg7 23. Be3 Nf7 24. Rf1 Rf8 25. Bf5 Qh6 26. Qg4 Ne5 27. Be6+
Kg7 28. Qe2 Rxf1+ 29. Qxf1 Qf6 30. Qxf6+ 1/2-1/2

[Event "LEM Sachsen-Anhalt"]
[Site "2006"]
[Date "2006.06.17"]
[Round "2"]
[White "Großmann, Susan"]
[Black "Pflug, Tanja"]
[Result "1-0"]
[WhiteElo "2062"]
[BlackElo "2032"]
[PlyCount "81"]
[EventDate "2006.??.??"]

1. e4 e6 2. d3 d5 3. e5 c5 4. g3 Nc6 5. f4 Qc7 6. Nf3 f6 7. Qe2 fxe5 8. fxe5
Nge7 9. Bh3 g6 10. O-O Bg7 11. Bf4 O-O 12. c3 Nf5 13. Na3 a6 14. Nc2 Nce7 15.
Qd2 Nc6 16. Rae1 b5 17. g4 Nfe7 18. Bh6 Bd7 19. Bxg7 Kxg7 20. Ne3 b4 21. g5 Qa5
22. Ng4 Rab8 23. Nf6 Bc8 24. Qf2 Ng8 25. Qh4 Nxf6 26. gxf6+ Kg8 27. Qh6 Rf7 28.
Ng5 Rbb7 29. Nxf7 Rxf7 30. Qd2 Qxa2 31. cxb4 Nxb4 32. Ra1 Qb3 33. Ra3 Qc2 34.
Qxc2 Nxc2 35. Rc3 Nd4 36. Rxc5 Bd7 37. Kf2 Nc6 38. Rxc6 Bxc6 39. Bxe6 Kf8 40.
Bxf7 Kxf7 41. Ke3 1-0

[Event "LEM Sachsen-Anhalt"]
[Site "2006"]
[Date "2006.06.17"]
[Round "2"]
[White "Engelmann, Jakob"]
[Black "König, Dr. Marco"]
[Result "1-0"]
[WhiteElo "2100"]
[BlackElo "2049"]
[PlyCount "107"]
[EventDate "2006.??.??"]

1. e4 c5 2. Nf3 e6 3. c4 Nc6 4. d4 cxd4 5. Nxd4 Nf6 6. Nc3 d6 7. Be3 Be7 8. Be2
O-O 9. O-O a6 10. Nc2 Qc7 11. Qd2 b6 12. f3 Bb7 13. Rac1 Rac8 14. Qe1 Ne5 15.
Nd4 Qd7 16. b3 d5 17. Qg3 Nc6 18. e5 Nh5 19. Qg4 g6 20. Nxc6 Qxc6 21. cxd5 exd5
22. Na4 Qe6 23. Nxb6 Rxc1 24. Rxc1 Qxe5 25. Qd4 Qxd4 26. Bxd4 Bd6 27. g3 Rd8
28. f4 f5 29. Bf3 Kf7 30. Rd1 Nf6 31. Bxf6 Kxf6 32. Nxd5+ Ke6 33. Kf1 Rd7 34.
Re1+ Kf7 35. Nb6 Rc7 36. Bxb7 Rxb7 37. Nc4 Bb4 38. Rc1 Ke6 39. Ke2 Rc7 40. h3
Rc6 41. Rd1 Be7 42. Kf3 Rc7 43. g4 fxg4+ 44. hxg4 h6 45. Rh1 Bf8 46. Rd1 Kf6
47. Rd8 Bc5 48. Ra8 Ra7 49. Rc8 Bd4 50. Rc6+ Kf7 51. f5 gxf5 52. Nd6+ Kg8 53.
Nxf5 Bg7 54. Rg6 1-0

[Event "LEM Sachsen-Anhalt"]
[Site "2006"]
[Date "2006.06.17"]
[Round "2"]
[White "Matthey, Harald"]
[Black "Degtiarev, Evgeny"]
[Result "0-1"]
[WhiteElo "2225"]
[BlackElo "2380"]
[PlyCount "98"]
[EventDate "2006.??.??"]

1. d4 d5 2. c4 c6 3. Nf3 Nf6 4. Nc3 a6 5. cxd5 cxd5 6. Bf4 Nc6 7. Rc1 Ne4 8. a3
Nxc3 9. Rxc3 f6 10. e3 e6 11. Bd3 Bd6 12. Bxd6 Qxd6 13. O-O f5 14. Ng5 Bd7 15.
f4 Ke7 16. Qh5 Be8 17. Qh4 Kd7 18. Rfc1 Kc7 19. Rc5 Rc8 20. b4 Kb8 21. Qe1 Na7
22. Rxc8+ Nxc8 23. Qc3 Ne7 24. Qb2 Bh5 25. b5 axb5 26. Rc5 h6 27. Nh3 Rc8 28.
Rxb5 Qc6 29. Kf2 Rc7 30. Rb6 Qd7 31. Ng1 Nc8 32. Rb4 Nd6 33. Nf3 Bxf3 34. gxf3
g5 35. fxg5 hxg5 36. a4 Qh7 37. Kg1 g4 38. Rb6 Nc4 39. Bxc4 dxc4 40. Rxe6 gxf3
41. Qb6 Qg8+ 42. Rg6 Rg7 43. Qd6+ Ka8 44. Rg3 c3 45. Kf2 Rxg3 46. hxg3 Qc8 47.
Qa3 c2 48. Qc1 Qc4 49. Kxf3 Qd3 0-1

[Event "LEM Sachsen-Anhalt"]
[Site "2006"]
[Date "2006.06.17"]
[Round "2"]
[White "Pichler, Dr. Manfred"]
[Black "Schuster, Martin"]
[Result "1/2-1/2"]
[WhiteElo "2106"]
[BlackElo "2229"]
[PlyCount "50"]
[EventDate "2006.??.??"]

1. e4 c6 2. d4 d5 3. exd5 cxd5 4. c4 Nf6 5. Nc3 e6 6. Nf3 Bb4 7. cxd5 Nxd5 8.
Bd2 Nc6 9. Bd3 Be7 10. a3 Bf6 11. Ne4 O-O 12. Nxf6+ Nxf6 13. Bg5 h6 14. Bh4 e5
15. dxe5 Nxe5 16. Nxe5 Qa5+ 17. Kf1 Qxe5 18. Qe2 {(=)} 18... Qd4 19. Bxf6 Qxf6
20. Re1 Bf5 21. Bxf5 Qxf5 22. g4 Qd5 23. Qe4 Qb5+ 24. Qe2 Qc6 25. Qe4 Qb5+
1/2-1/2

[Event "LEM Sachsen-Anhalt"]
[Site "Löberitz"]
[Date "2006.06.17"]
[Round "3"]
[White "Pflug, Tanja"]
[Black "Domaske, Susann"]
[Result "1-0"]
[WhiteElo "2032"]
[BlackElo "1377"]
[PlyCount "113"]
[EventDate "2006.??.??"]

1. Nc3 Nf6 2. e4 e5 3. f4 exf4 4. e5 Ng8 5. Nf3 d6 6. d4 Bg4 7. h3 Bh5 8. Bxf4
dxe5 9. dxe5 Qxd1+ 10. Rxd1 c6 11. Bc4 h6 12. O-O Bc5+ 13. Kh1 Nd7 14. Ne4 Bg6
15. Rxd7 Bxe4 16. Rxb7 Bd5 17. Bxd5 cxd5 18. Rd1 Ne7 19. Ne1 O-O-O 20. Rb5 Bb6
21. Rd3 d4 22. a4 Nd5 23. Bd2 Nc7 24. Rb4 Rhe8 25. Nf3 Na6 26. Rc4+ Kb7 27. a5
Bc7 28. Rcxd4 Nc5 29. Rxd8 Bxd8 30. Rd5 Ne4 31. Rd7+ Bc7 32. Be3 Ng3+ 33. Kg1
Nf5 34. Bxa7 Re7 35. Rxe7 Nxe7 36. Bc5 Ng6 37. b4 Ka6 38. Bd6 Bd8 39. Nd4 Ne7
40. b5+ Kxa5 41. Bxe7 Bb6 42. c4 Bxd4+ 43. Kf1 Bxe5 44. Bc5 Bc7 45. Ke2 g5 46.
g4 Bd8 47. Bf8 Ka4 48. Bxh6 Kb4 49. Kd3 Kc5 50. Bf8+ Kb6 51. Ke4 Bf6 52. Bb4
Bd8 53. Kf5 f6 54. Ke6 Kb7 55. c5 Ka7 56. Bc3 Be7 57. b6+ 1-0

[Event "LEM Sachsen-Anhalt"]
[Site "Löberitz"]
[Date "2006.06.17"]
[Round "3"]
[White "Reiß, Rebekka"]
[Black "Großmann, Susan"]
[Result "0-1"]
[WhiteElo "1691"]
[BlackElo "2062"]
[PlyCount "80"]
[EventDate "2006.??.??"]

1. e4 d6 2. d4 Nf6 3. Nc3 g6 4. f3 c6 5. Be3 b5 6. Bd3 Nbd7 7. Qd2 Nb6 8. Nge2
Qc7 9. O-O Bg7 10. Bh6 O-O 11. Bxg7 Kxg7 12. f4 b4 13. Nd1 c5 14. c3 a5 15. Ne3
Ba6 16. Bxa6 Rxa6 17. Ng3 cxd4 18. cxd4 Nc4 19. Nxc4 Qxc4 20. Rfc1 Qe6 21. Qd3
Raa8 22. d5 Qd7 23. Rc6 Qa7+ 24. Kf1 Ng4 25. Qe2 Nxh2+ 26. Ke1 Qg1+ 27. Nf1
Nxf1 28. Qxf1 Qxf1+ 29. Kxf1 Rfc8 30. Rac1 Rxc6 31. Rxc6 Kf8 32. Ke2 Ke8 33.
Kd3 Kd7 34. Kc4 f6 35. Kb5 g5 36. fxg5 fxg5 37. Ra6 Rxa6 38. Kxa6 h5 39. Kxa5
h4 40. Kxb4 g4 0-1

[Event "LEM Sachsen-Anhalt"]
[Site "Löberitz"]
[Date "2006.06.17"]
[Round "3"]
[White "Thiele, Andra"]
[Black "Wallstabe, Antje"]
[Result "1/2-1/2"]
[WhiteElo "1578"]
[BlackElo "1524"]
[PlyCount "40"]
[EventDate "2006.??.??"]

1. e4 c5 2. Nf3 Nc6 3. d4 cxd4 4. Nxd4 Nf6 5. Nc3 d6 6. f4 Bg4 7. Nxc6 bxc6 8.
Be2 Bxe2 9. Qxe2 e6 10. Be3 Rb8 11. b3 Qa5 12. Bd2 Qc5 13. Qe3 d5 14. Qd3 Be7
15. Be3 Qa5 16. O-O O-O 17. Bd4 Bc5 18. e5 Bxd4+ 19. Qxd4 Nd7 20. Ne2 Qb6
1/2-1/2

[Event "LEM Sachsen-Anhalt"]
[Site "Löberitz"]
[Date "2006.06.17"]
[Round "3"]
[White "Schuster, Martin"]
[Black "Engelmann, Jakob"]
[Result "1/2-1/2"]
[WhiteElo "2229"]
[BlackElo "2100"]
[PlyCount "81"]
[EventDate "2006.??.??"]

1. e4 c6 2. d4 d5 3. Nc3 dxe4 4. Nxe4 Nd7 5. Nf3 Ndf6 6. Nxf6+ Nxf6 7. Bc4 Bf5
8. Qe2 e6 9. c3 Be7 10. Bg5 O-O 11. O-O Nd5 12. Bxe7 Qxe7 13. Rfe1 Rad8 14.
Rad1 Bg4 15. Qe4 Bxf3 16. Qxf3 Rd6 17. Bb3 Rfd8 18. h3 Qf6 19. Qxf6 Nxf6 20. g3
Kf8 21. Kg2 Ke7 22. f4 Kf8 23. Kf3 Nd5 24. Re5 Ne7 25. Bc2 Rd5 26. Rde1 Rxe5
27. Rxe5 Rd5 28. Be4 Rd6 29. Bc2 Rd5 30. g4 Ng6 31. Rxd5 cxd5 32. f5 exf5 33.
gxf5 Ne7 34. Kf4 f6 35. h4 Ke8 36. b3 b5 37. Bd3 a6 38. a4 bxa4 39. bxa4 a5 40.
Bb5+ Kd8 41. Bd3 1/2-1/2

[Event "LEM Sachsen-Anhalt"]
[Site "Löberitz"]
[Date "2006.06.17"]
[Round "3"]
[White "Degtiarev, Evgeny"]
[Black "Pichler, Dr. Manfred"]
[Result "1-0"]
[WhiteElo "2380"]
[BlackElo "2106"]
[PlyCount "99"]
[EventDate "2006.??.??"]

1. d4 Nf6 2. c4 e6 3. Nc3 Bb4 4. e3 O-O 5. Nge2 d5 6. cxd5 exd5 7. g3 Bf5 8.
Bg2 Qd7 9. h3 Nc6 10. g4 Bg6 11. O-O Bxc3 12. bxc3 Na5 13. f3 Rfe8 14. Nf4 Qc6
15. Nxg6 hxg6 16. Qd3 Qc4 17. Qxc4 Nxc4 18. g5 Nh7 19. e4 c6 20. a4 Nf8 21. Re1
f5 22. e5 Ne6 23. Rb1 Rab8 24. Bf1 Na5 25. h4 Kf7 26. Ba3 b6 27. Bd6 Rbd8 28.
Bb4 Nb7 29. a5 Nxa5 30. Bxa5 bxa5 31. Ra1 Rh8 32. Rxa5 Rd7 33. Rea1 Rxh4 34.
Rxa7 Rxa7 35. Rxa7+ Kf8 36. Ba6 Rh5 37. Bc8 Rxg5+ 38. Kf1 Nf4 39. e6 Rh5 40.
Rf7+ Ke8 41. Rxg7 g5 42. Bd7+ Kd8 43. Bxc6 Nxe6 44. Rd7+ Kc8 45. Rxd5 Rh1+ 46.
Kg2 Rh7 47. Rxf5 Nf4+ 48. Kg3 Ne2+ 49. Kg4 Nxc3 50. Rc5 1-0

[Event "LEM Sachsen-Anhalt"]
[Site "Löberitz"]
[Date "2006.06.17"]
[Round "3"]
[White "König, Dr. Marco"]
[Black "Matthey, Harald"]
[Result "1-0"]
[WhiteElo "2049"]
[BlackElo "2225"]
[PlyCount "59"]
[EventDate "2006.??.??"]

1. e4 Nf6 2. e5 Nd5 3. d4 d6 4. c4 Nb6 5. exd6 cxd6 6. h3 g6 7. Nf3 Bg7 8. Nc3
O-O 9. Be2 Nc6 10. O-O d5 11. c5 Nc4 12. b3 N4a5 13. Bf4 b6 14. Na4 bxc5 15.
Nxc5 Nb7 16. Rc1 Nxc5 17. Rxc5 Bb7 18. Qd2 Rc8 19. Rfc1 a5 20. Bb5 Qb6 21. Bxc6
Rxc6 22. Qxa5 Ra8 23. Qxb6 Rxb6 24. Rc7 e6 25. Ne5 f6 26. Rxg7+ Kxg7 27. Rc7+
Kh8 28. Nd7 Rc6 29. Rxb7 e5 30. Nxf6 1-0

[Event "LEM Sachsen-Anhalt"]
[Site "Löberitz"]
[Date "2006.06.18"]
[Round "4"]
[White "Domaske, Susann"]
[Black "Wallstabe, Antje"]
[Result "1/2-1/2"]
[WhiteElo "1377"]
[BlackElo "1524"]
[PlyCount "140"]
[EventDate "2006.??.??"]

1. d4 d5 2. c4 e6 3. a3 Nf6 4. Nc3 Nbd7 5. Bg5 c6 6. Nf3 Be7 7. cxd5 exd5 8. e3
O-O 9. h3 h6 10. Bh4 Bd6 11. Ne2 Qc7 12. Bg3 Ne4 13. Bxd6 Qxd6 14. Nc3 Ndf6 15.
Bd3 Re8 16. O-O Nxc3 17. bxc3 Ne4 18. c4 dxc4 19. Bxc4 Be6 20. Bxe6 Qxe6 21.
Qc2 Rac8 22. Ne5 Nf6 23. Nd3 Nd7 24. Rab1 Rc7 25. Nc5 Nxc5 26. Qxc5 b6 27. Qh5
Rd8 28. Rfc1 Rd5 29. Qf3 Rf5 30. Qg3 Rc8 31. a4 Ra5 32. Ra1 Kh7 33. Qf3 Rd5 34.
Rc3 Rf5 35. Qg4 h5 36. Qe2 c5 37. Qd3 g6 38. Qc4 Qd7 39. Rd1 Rd8 40. Rcd3 Qc6
41. dxc5 Rxd3 42. Rxd3 Qxc5 43. Qxc5 Rxc5 44. Rd7 Ra5 45. Rxf7+ Kh6 46. Rf4 b5
47. axb5 Rxb5 48. Ra4 a5 49. g3 g5 50. Kg2 Kg6 51. f4 gxf4 52. gxf4 Rb2+ 53.
Kg3 Rb5 54. e4 Kh6 55. Kh4 Rb4 56. Rxa5 Rxe4 57. Kg3 Re3+ 58. Kg2 Kg6 59. Rg5+
Kh6 60. h4 Ra3 61. f5 Ra2+ 62. Kh3 Ra3+ 63. Rg3 Ra4 64. Rf3 Kg7 65. Rg3+ Kh6
66. Rg8 Kh7 67. Rg5 Kh6 68. Kg3 Ra3+ 69. Kf4 Ra4+ 70. Kg3 Ra3+ 1/2-1/2

[Event "LEM Sachsen-Anhalt"]
[Site "Löberitz"]
[Date "2006.06.18"]
[Round "4"]
[White "Großmann, Susan"]
[Black "Thiele, Andra"]
[Result "1-0"]
[WhiteElo "2062"]
[BlackElo "1578"]
[PlyCount "87"]
[EventDate "2006.??.??"]

1. e4 d5 2. exd5 Qxd5 3. Nc3 Qa5 4. d4 Nf6 5. Nf3 Bg4 6. h3 Bh5 7. g4 Bg6 8.
Bd2 Nc6 9. Bb5 O-O-O 10. Bxc6 bxc6 11. Ne5 Qb6 12. Qe2 e6 13. O-O-O Nd5 14. f4
Bd6 15. Nc4 Qxd4 16. Nxd5 Qxd5 17. Be3 Qb5 18. Nxd6+ cxd6 19. Qxb5 cxb5 20.
Bxa7 d5 21. Rhe1 Rd7 22. Bd4 Rc7 23. Rd2 Rg8 24. Re3 Be4 25. b3 g6 26. g5 Kd7
27. Rc3 Rgc8 28. Rxc7+ Rxc7 29. Kb2 b4 30. c3 bxc3+ 31. Bxc3 Kc8 32. Rd4 Rd7
33. a4 Kb7 34. b4 Kc6 35. Rd2 Kb7 36. Rd4 Kc6 37. Rd1 Kb7 38. Bd4 Rc7 39. Rc1
Rxc1 40. Kxc1 Bd3 41. Kb2 Kc6 42. b5+ Kb7 43. Kc3 Bc4 44. Kb4 1-0

[Event "LEM Sachsen-Anhalt"]
[Site "Löberitz"]
[Date "2006.06.18"]
[Round "4"]
[White "Pflug, Tanja"]
[Black "Reiß, Rebekka"]
[Result "1-0"]
[WhiteElo "2032"]
[BlackElo "1691"]
[PlyCount "79"]
[EventDate "2006.??.??"]

1. Nc3 e6 2. f4 d5 3. Nf3 Nf6 4. e3 c5 5. Bb5+ Bd7 6. Qe2 a6 7. Bxd7+ Qxd7 8.
Ne5 Qc7 9. O-O Nc6 10. Ng4 Be7 11. a4 O-O 12. d3 d4 13. Nd1 dxe3 14. c3 b5 15.
Ndxe3 Rfd8 16. Nxf6+ Bxf6 17. Ng4 Be7 18. Bd2 Bd6 19. f5 exf5 20. Rxf5 Re8 21.
Qf3 Ne5 22. Nxe5 Bxe5 23. axb5 Bxh2+ 24. Kh1 a5 25. b6 Qd6 26. Rxf7 Rf8 27. Rf1
Be5 28. Rxf8+ Rxf8 29. Qxf8+ Qxf8 30. Rxf8+ Kxf8 31. Be3 Bd6 32. b7 Ke8 33.
Bxc5 Bb8 34. b3 Kd7 35. Bb6 a4 36. bxa4 Kc6 37. Ba5 Kxb7 38. Kg1 Kc6 39. Kf2
Kd5 40. Bb6 1-0

[Event "LEM Sachsen-Anhalt"]
[Site "Löberitz"]
[Date "2006.06.18"]
[Round "4"]
[White "Engelmann, Jakob"]
[Black "Matthey, Harald"]
[Result "1-0"]
[WhiteElo "2100"]
[BlackElo "2225"]
[PlyCount "141"]
[EventDate "2006.??.??"]

1. c4 Nf6 2. Nc3 d5 3. cxd5 Nxd5 4. d4 g6 5. Qb3 Nb6 6. e3 Bg7 7. Nf3 O-O 8.
Be2 Be6 9. Qc2 Nc6 10. a3 a5 11. b3 Bf5 12. Qb2 e5 13. Nb5 exd4 14. exd4 Re8
15. O-O Nxd4 16. Nbxd4 c5 17. Bg5 Bxd4 18. Nxd4 Qxd4 19. Qxd4 cxd4 20. Bf3 Be4
21. Rfd1 Bxf3 22. gxf3 Re5 23. Bf6 Rb5 24. Rxd4 h6 25. Rad1 g5 26. R1d3 a4 27.
b4 Re8 28. f4 gxf4 29. Rxf4 Re1+ 30. Kg2 Rd5 31. Rg3+ Kf8 32. Bg7+ Ke7 33. Bxh6
Rdd1 34. Rgf3 Rg1+ 35. Kh3 Rg6 36. Rxf7+ Ke6 37. Bf8 Nd5 38. Rg7 Rdg1 39. Rxg6+
Rxg6 40. Bc5 Ke5 41. Be3 Ke4 42. Rg3 Rc6 43. Kg2 Rc3 44. Bg5 Rb3 45. h4 Kf5 46.
Bc1 Rb1 47. Bh6 Rb3 48. Kf1 Rb1+ 49. Ke2 Rb2+ 50. Kf3 Rb3+ 51. Kg2 b5 52. Kf1
Nc3 53. Bg7 Rb1+ 54. Kg2 Ne2 55. Rg5+ Kf4 56. Be5+ Ke4 57. Bh2 Nd4 58. Re5+ Kd3
59. h5 Rc1 60. Re3+ Kd2 61. Bf4 Rc4 62. Bg5 Kc2 63. h6 Nf5 64. Re2+ Kd1 65.
Rd2+ Ke1 66. Rd3 Rg4+ 67. Rg3 Nxg3 68. h7 Ne2+ 69. Kf3 Rxg5 70. h8=Q Rf5+ 71.
Ke3 1-0

[Event "LEM Sachsen-Anhalt"]
[Site "Löberitz"]
[Date "2006.06.18"]
[Round "4"]
[White "Pichler, Dr. Manfred"]
[Black "König, Dr. Marco"]
[Result "0-1"]
[WhiteElo "2106"]
[BlackElo "2049"]
[PlyCount "70"]
[EventDate "2006.??.??"]

1. e4 c5 2. Nf3 e6 3. b3 Nc6 4. Bb5 d6 5. O-O Bd7 6. d4 cxd4 7. Nxd4 Nf6 8. Re1
Be7 9. Ba3 Nxd4 10. Bxd7+ Nxd7 11. Qxd4 Bf6 12. e5 Bxe5 13. Rxe5 Nxe5 14. Bxd6
Nc6 15. Qd2 Qf6 16. Nc3 O-O-O 17. Rd1 Rxd6 18. Qxd6 Qxc3 19. Qd7+ Kb8 20. Qd6+
Ka8 21. h3 Qa5 22. Qg3 Qe5 23. f4 Qf6 24. b4 Rd8 25. Rb1 Nd4 26. Kh1 Nxc2 27.
f5 e5 28. b5 Nd4 29. b6 Qxf5 30. Re1 Nc6 31. Qb3 Qe6 32. Qa4 a6 33. Rc1 f5 34.
Qh4 Qf6 35. Qg3 g6 0-1

[Event "LEM Sachsen-Anhalt"]
[Site "Löberitz"]
[Date "2006.06.18"]
[Round "4"]
[White "Schuster, Martin"]
[Black "Degtiarev, Evgeny"]
[Result "1/2-1/2"]
[WhiteElo "2229"]
[BlackElo "2380"]
[PlyCount "52"]
[EventDate "2006.??.??"]

1. e4 c5 2. c3 Nf6 3. e5 Nd5 4. g3 d6 5. exd6 e6 6. Bg2 Bxd6 7. Nf3 Nc6 8. O-O
O-O 9. d4 cxd4 10. Nxd4 Nxd4 11. Qxd4 Qc7 12. Nd2 Bd7 13. Ne4 Be5 14. Qd3 g6
15. Re1 Bc6 16. Qe2 Bg7 17. Bg5 h6 18. Bd2 Nb6 19. Be3 Bxe4 20. Bxe4 f5 21.
Bxb6 Qxb6 22. Bg2 e5 23. Qc4+ Kh7 24. Qb3 Qc7 25. Rad1 e4 26. Qa4 Rf7 1/2-1/2

[Event "LEM Sachsen-Anhalt"]
[Site "Löberitz"]
[Date "2006.06.18"]
[Round "5"]
[White "Reiß, Rebekka"]
[Black "Domaske, Susann"]
[Result "1-0"]
[WhiteElo "1691"]
[BlackElo "1377"]
[PlyCount "57"]
[EventDate "2006.??.??"]

1. e4 e5 2. Nf3 Nc6 3. Bc4 Bc5 4. c3 Nf6 5. d4 exd4 6. e5 Ng8 7. cxd4 Bb4+ 8.
Nc3 Bxc3+ 9. bxc3 h6 10. O-O Nge7 11. Ba3 d5 12. exd6 cxd6 13. d5 Na5 14. Bb5+
Kf8 15. Re1 a6 16. Ba4 b5 17. Bc2 Nc4 18. Bc1 Bb7 19. a4 bxa4 20. Rxa4 Bxd5 21.
Bb3 Bxf3 22. Qxf3 d5 23. Bxc4 dxc4 24. Rxc4 Ng6 25. Rc7 f6 26. Qb7 Rh7 27. Rd7
Qc8 28. Qd5 Nh8 29. Ba3+ 1-0

[Event "LEM Sachsen-Anhalt"]
[Site "Löberitz"]
[Date "2006.06.18"]
[Round "5"]
[White "Thiele, Andra"]
[Black "Pflug, Tanja"]
[Result "0-1"]
[WhiteElo "1578"]
[BlackElo "2032"]
[PlyCount "70"]
[EventDate "2006.??.??"]

1. e4 e6 2. d4 d5 3. exd5 exd5 4. Bd3 Bd6 5. c3 Nc6 6. Qc2 Nf6 7. Bg5 h6 8. Bh4
O-O 9. Ne2 Re8 10. O-O Bxh2+ 11. Kh1 Bd6 12. Nd2 Bg4 13. f3 Bd7 14. Rf2 g5 15.
Bg3 Rxe2 16. Rxe2 Bxg3 17. Nf1 Bd6 18. Ne3 g4 19. Nf5 Bxf5 20. Bxf5 Nh5 21. Kg1
Qh4 22. g3 Nxg3 23. Rh2 Qg5 24. Bxg4 Re8 25. Rg2 h5 26. Bf5 Re2 27. Rxe2 Nxe2+
28. Kf2 Ng3 29. Rg1 Kh8 30. Bh3 Qf4 31. Bg2 Ne7 32. Re1 Ne4+ 33. Kg1 Ng5 34.
Qf2 h4 35. Qf1 h3 0-1

[Event "LEM Sachsen-Anhalt"]
[Site "Löberitz"]
[Date "2006.06.18"]
[Round "5"]
[White "Wallstabe, Antje"]
[Black "Großmann, Susan"]
[Result "0-1"]
[WhiteElo "1524"]
[BlackElo "2062"]
[PlyCount "90"]
[EventDate "2006.??.??"]

1. c4 d6 2. Nc3 g6 3. g3 Bg7 4. Bg2 c5 5. e3 Nc6 6. Nge2 e6 7. O-O Nge7 8. d4
cxd4 9. exd4 d5 10. cxd5 Nxd5 11. Nxd5 exd5 12. Be3 Ne7 13. Bg5 f6 14. Bf4 Be6
15. Qd2 O-O 16. Rac1 Nc6 17. Rfe1 Re8 18. Nc3 Bf7 19. Bh6 Rxe1+ 20. Rxe1 Bxh6
21. Qxh6 Nxd4 22. Qd2 Nc6 23. Bxd5 Ne5 24. Bxf7+ Kxf7 25. Qe3 Qd7 26. Ne4 Re8
27. Qb3+ Kg7 28. Rd1 Qc6 29. Re1 Nc4 30. Qd3 Nxb2 31. Qd4 Nc4 32. f3 Ne5 33.
Kg2 Qa6 34. Rd1 Qxa2+ 35. Rd2 Qe6 36. Qxa7 Re7 37. Qb8 Qf5 38. Rd8 Qxf3+ 39.
Kg1 Qe3+ 40. Kf1 Qxe4 41. Rg8+ Kf7 42. Rh8 Ke6 43. Qc8+ Nd7 44. Qg8+ Kd6 45.
Rxh7 Qf3+ 0-1